| 000 | 00590nam a2200169Ia 4500 | ||
|---|---|---|---|
| 003 | GCL | ||
| 008 | 140319s9999 xx 000 0 ara d | ||
| 040 |
_aGCL / _cGCL |
||
| 082 | 0 | 4 |
_aم _b031 _bد ب |
| 245 | 1 | 0 | _aبهجة المعرفة : موسوعة علمية مصورة : هذا الانسان - الانسان والمجتمع - مسيرة الحضارة |
| 300 | _aمتعدد | ||
| 490 |
_aسلسلة الكتب المالية والمصرفية _v0 |
||
| 650 | 0 | 4 | _aدوائر المعارف |
| 650 | 0 | 4 | _aالانسان |
| 650 | 0 | 4 | _aالحضارة - تاريخ |
| 942 |
_2ddc _cREF |
||
| 999 |
_c59640 _d59640 |
||